| 000 | 00810nam a2200205 i 4500 | ||
|---|---|---|---|
| 001 | 162727 | ||
| 003 | ES-MaACL | ||
| 005 | 20230906212604.0 | ||
| 008 | 990929q18701885sp |||| | spa d | ||
| 080 | _a616.936(461.27)"18"(047) | ||
| 100 | 1 |
_aPulido, Ángel, _d1852-1932 _9149324 |
|
| 245 | 1 | 0 |
_aRetazos clínicos. _nI, _pEl paludismo en Madrid / _cpor Ángel Pulido. |
| 260 |
_aMadrid : _b[s.n., _centre 1870 y 1885] ( _fImp. Central a cargo de Víctor Saiz) |
||
| 300 |
_a90 p. ; _c17 cm. |
||
| 596 | _aImp. ejerce ca. 1869-1887. | ||
| 650 | 0 | 4 |
_aPaludismo. _915811 |
| 852 |
_aES-MaACL _jT-182-F _z- Enc. hol., conservando cub. original _z- Enc. en un vol. facticio _x-- T500: Es el vol. I.: El paludismo en Madrid (consta en la cub.) |
||
| 852 |
_aES-MaACL _jT-764-F-6 |
||
| 999 |
_c162727 _d162727 |
||